CORE JAVA A COMPREHENSIVE STUDY (Record no. 216959)

MARC details
000 -LEADER
fixed length control field 00529nam a22001817a 4500
008 - FIXED-LENGTH DATA ELEMENTS--GENERAL INFORMATION
fixed length control field 260415b |||||||| |||| 00| 0 eng d
020 ## - INTERNATIONAL STANDARD BOOK NUMBER
International Standard Book Number 978-81-203-4241-5
050 ## - LIBRARY OF CONGRESS CALL NUMBER
Classification number QA 76.73 .J38 M38 2022
100 ## - MAIN ENTRY--PERSONAL NAME
Personal name MATHA,MAHESH
245 ## - TITLE STATEMENT
Title CORE JAVA A COMPREHENSIVE STUDY
260 ## - PUBLICATION, DISTRIBUTION, ETC.
Place of publication, distribution, etc. DELHI
Name of publisher, distributor, etc. ASOKE K. GHOSH
Date of publication, distribution, etc. 2022
300 ## - PHYSICAL DESCRIPTION
Extent xxiii,788p ill
500 ## - GENERAL NOTE
General note INCLUDES BIBLOGRAPHIC DESCRIPTIONS GLOSSARY INDEX
650 ## - SUBJECT ADDED ENTRY
Topical term or geographic name entry element A COMPREHENSIVE STUDY
700 ## - ADDED ENTRY--PERSONAL NAME
Personal name PARVATIBAI CHOWGULE
942 ## - ADDED ENTRY ELEMENTS (KOHA)
Source of classification or shelving scheme Library of Congress Classification
Koha item type Long Loan Book
Holdings
Withdrawn status Lost status Source of classification or shelving scheme Damaged status Not for loan Collection Home library Current library Shelving location Date acquired Inventory number Total checkouts Full call number Barcode Date last seen Copy number Price effective from Koha item type Date last checked out
    Library of Congress Classification     Science & Technology Kisii University Library Kisii University Library On Display 04/15/2026 112952   QA 76.73 J38 M38 2022 A001600 04/15/2026 C.1 04/15/2026 Long Loan Book  
    Library of Congress Classification     Science & Technology Kisii University Library Kisii University Library On Display 04/15/2026 112953   QA 76.73 J38 M38 2022 A001599 04/15/2026 C.2 04/15/2026 Long Loan Book  
    Library of Congress Classification     Science & Technology Kisii University Library Kisii University Library On Display 04/15/2026 112954 1 QA 76.73 J38 M38 2022 A001602 04/27/2026 C.3 04/15/2026 Long Loan Book 04/19/2026
    Library of Congress Classification     Science & Technology Kisii University Library Kisii University Library On Display 04/15/2026 112955   QA 76.73 J38 M38 2022   04/15/2026 C.4 04/15/2026 Long Loan Book